000 00314nam a22001337a 4500
008 260324b ||||| |||| 00| 0 eng d
020 _a9789951053488
041 _aShqip
080 _a821.18
100 _a25
101 _aPërralla
245 _aPërralla popullore mbi kafshët
_cBedri Dedja
942 _2udc
_cBK
999 _c60923
_d60923